MARC details
| 000 -LEADER |
| fixed length control field |
02481nam a22003617a 4500 |
| 001 - CONTROL NUMBER |
| control field |
100904 |
| 003 - CONTROL NUMBER IDENTIFIER |
| control field |
KnowledgeUnlatched |
| 005 - DATE AND TIME OF LATEST TRANSACTION |
| control field |
20210303105331.0 |
| 006 - FIXED-LENGTH DATA ELEMENTS--ADDITIONAL MATERIAL CHARACTERISTICS |
| fixed length control field |
m o d |
| 007 - PHYSICAL DESCRIPTION FIXED FIELD--GENERAL INFORMATION |
| fixed length control field |
cr u|||||||||| |
| 008 - FIXED-LENGTH DATA ELEMENTS--GENERAL INFORMATION |
| fixed length control field |
210129p20172018xxk o u00| u eng d |
| 035 ## - SYSTEM CONTROL NUMBER |
| System control number |
(OCoLC)1048741057 |
| 037 ## - SOURCE OF ACQUISITION |
| Institution to which field applies |
BiblioBoard |
| 020 ## - INTERNATIONAL STANDARD BOOK NUMBER |
| International Standard Book Number |
9781526129383 |
| 029 1# - OTHER SYSTEM CONTROL NUMBER (OCLC) |
| OCLC library identifier |
https://library.biblioboard.com/ext/api/media/635a7f2e-00f7-4125-92c3-97d631c3e3d4/assets/thumbnail.jpg |
| 040 ## - CATALOGING SOURCE |
| Original cataloging agency |
ScCtBLL |
| Transcribing agency |
ScCtBLL |
| 100 1# - MAIN ENTRY--PERSONAL NAME |
| Personal name |
Robb, Thomas |
| Relator term |
author. |
| 245 02 - TITLE STATEMENT |
| Title |
A Strained Partnership? |
| Remainder of title |
US-UK relations in the era of détente, 1969-77 / |
| Statement of responsibility, etc. |
Thomas Robb. |
| 264 #1 - PRODUCTION, PUBLICATION, DISTRIBUTION, MANUFACTURE, AND COPYRIGHT NOTICE |
| Name of producer, publisher, distributor, manufacturer |
Manchester University Press, |
| 300 ## - PHYSICAL DESCRIPTION |
| Extent |
1 online resource (238 p.) |
| 506 0# - RESTRICTIONS ON ACCESS NOTE |
| Terms governing access |
Access copy available to the general public. |
| Standardized terminology for access restriction |
Unrestricted |
| Source of term |
star |
| 520 ## - SUMMARY, ETC. |
| Summary, etc. |
This is the first monograph-length study that charts the coercive diplomacy of the administrations of Richard Nixon and Gerald Ford as practised against their British ally in order to persuade Edward Heath's government to follow a more amenable course throughout the 'Year of Europe' and to convince Harold Wilson's governments to lessen the severity of proposed defence cuts. Such diplomacy proved effective against Heath but rather less so against Wilson. It is argued that relations between the two sides were often strained, indeed, to the extent that the most 'special' elements of the relationship were suspended. Yet, the relationship also witnessed considerable co-operation. This book offers new perspectives on US and UK policy towards British membership of the European Economic Community; demonstrates how US détente policies created strain; reveals the temporary shutdown of US-UK intelligence and nuclear co-operation, and re-evaluates the US-UK relationship throughout the IMF Crisis. |
| 588 0# - SOURCE OF DESCRIPTION NOTE |
| Source of description note |
Description based on print version record. |
| 590 ## - LOCAL NOTE (RLIN) |
| Local note |
KU Select 2017: Backlist Collection |
| 650 #7 - SUBJECT ADDED ENTRY--TOPICAL TERM |
| Topical term or geographic name entry element |
Political Science / International Relations |
| Source of heading or term |
bisacsh |
| 650 #0 - SUBJECT ADDED ENTRY--TOPICAL TERM |
| Topical term or geographic name entry element |
Political science |
| 655 #0 - INDEX TERM--GENRE/FORM |
| Genre/form data or focus term |
Electronic books. |
| 758 ## - |
| -- |
Is found in: |
| -- |
Knowledge Unlatched |
| -- |
https://openresearchlibrary.org/module/2774bc74-146a-484f-a7ba-ab1d6a09bbfb |
| 856 40 - ELECTRONIC LOCATION AND ACCESS |
| Uniform Resource Identifier |
<a href="https://openresearchlibrary.org/content/635a7f2e-00f7-4125-92c3-97d631c3e3d4">https://openresearchlibrary.org/content/635a7f2e-00f7-4125-92c3-97d631c3e3d4</a> |
| Public note |
View this content on Open Research Library. |
| -- |
0 |